000
00388nam a22001577a 4500
003
MPLRDC
005
20220104124654.0
008
210129b ||||| |||| 00| 0 eng d
082
_a
047 SM v.3
100
_a
史明等译
245
_a
儿童百科全书. 三
_c
260
_a
_b
湖南少年儿童出版社
_c
300
_b
精
650
_a
儿童百科全书
942
_c
BK
_o
047 SM v.3
999
_c
21208
_d
21198